| 000 | 00544nam a2200169 4500 | ||
|---|---|---|---|
| 001 | 128037 | ||
| 003 | ES-MaACL | ||
| 005 | 20230906193139.0 | ||
| 007 | t| | ||
| 008 | 070214s1921 fr r ||||1| fre d | ||
| 100 | 1 |
_aRivet, Charles. _997723 |
|
| 245 | 1 | 4 |
_aLes Tchécoslovaques _b: des alliés de demain : leurs problémes, leur avenir, nos intérêts communs / _cCharles Rivet. |
| 250 | _a3e éd. | ||
| 260 |
_aParis : _b[s. n.], _c1921 ( _eLagny : _fImp. E. Grevin) |
||
| 300 |
_aXII, 322 p. ; _c19 x 12 cm. |
||
| 852 |
_aES-MaACL _jF-10300 |
||
| 999 |
_c128037 _d128037 |
||